Teori kesusasteraan moden : pengenalan secra perbandingan

Bibliographic Details
Main Author: David, Robey
Other Authors: Mokhtar Ahmad, Jefferson, Ann
Format: Book
Published: Kuala Lumpur : DBP , 1988
Subjects:

MARC

LEADER 00000cam a2200000 7i4500
001 0000003844
002 000004143
005 20000330.0
020 |a 9836203710 
090 0 0 |a 809   |b TEO 
100 1 |a David, Robey 
245 0 0 |a Teori kesusasteraan moden :   |b pengenalan secra perbandingan   |c editor oleh Ann Jefferson dan David Robey ; penterjemah Mokhtar Ahmad 
260 |a Kuala Lumpur :   |b DBP ,   |c 1988 
300 |a 264p. ;   |c 22cm. 
650 0 0 |a Modern literature   |x theory 
700 0 |a Mokhtar Ahmad 
700 1 |a Jefferson, Ann 
999 |a 037039   |b BUKU   |c PINJAMAN   |e PERPUSTAKAAN KOMUNITI PETALING JAYA